[Event "Titled Tuesday intern op 26th May"]
[Site "Chess.com INT"]
[Date "2020.05.26"]
[Round "7"]
[White "Jovanovic, Zoran"]
[Black "Narmontas, Tauras"]
[Result "1-0"]
[WhiteElo "2520"]
[BlackElo "2203"]
[PlyCount "61"]
[EventDate "2020.05.26"]
[EventType "swiss (blitz)"]
[EventRounds "10"]
[EventCountry "USA"]
[SourceTitle "CBM 196 Extra"]
[Source "ChessBase"]
[SourceDate "2020.07.31"]
[SourceVersion "1"]
[SourceVersionDate "2020.07.31"]
[SourceQuality "1"]

1. e4 c5 2. Nc3 e6 3. Nge2 Nc6 4. g3 h5 5. h3 h4 6. g4 d5 7. exd5 exd5 8. d4 Nf6 9. Bg2 cxd4 10. Nxd4 Bc5 11. Nb3 Qe7+ 12. Qe2 Be6 13. Nxc5 Qxc5 14. Qb5 Qe7 15. 0-0 Nxg4 16. hxg4 h3 17. Bxd5 Qh4 18. Bxc6+ bxc6 19. Qxc6+ Ke7 20. Qc5+ Ke8 21. Qc6+ Ke7 22. Qb7+ Kf6 23. Qf3+ Ke7 24. Qg3 h2+ 25. Kh1 Bxg4 26. Qxh4+ Rxh4 27. Bg5+ f6 28. Bxh4 Rh8 29. f3 Bh3 30. Bg3 Kf7 31. Rf2 1-0

[Event "Jonava Banaitis Memorial"]
[Site "Jonava"]
[Date "2020.01.19"]
[Round "9.9"]
[White "Juknis, Paulius"]
[Black "Narmontas, Tauras"]
[Result "0-1"]
[WhiteElo "2079"]
[BlackElo "2247"]
[PlyCount "86"]
[EventDate "2020.01.19"]
[EventType "swiss (rapid)"]
[EventRounds "9"]
[EventCountry "LTU"]
[SourceTitle "EXT 2023"]
[Source "ChessBase"]
[SourceDate "2022.10.05"]
[SourceVersion "1"]
[SourceVersionDate "2022.10.05"]
[SourceQuality "1"]

1. c4 c5 2. g3 Nf6 3. Bg2 e6 4. Nf3 Nc6 5. 0-0 Be7 6. b3 0-0 7. Bb2 d5 8. cxd5 Nxd5 9. d3 Bf6 10. Qc1 Bd7 11. Nbd2 b6 12. Ne4 Be7 13. Nc3 Rc8 14. Qd2 Nf6 15. Rfd1 e5 16. Ne4 Qc7 17. Nxf6+ Bxf6 18. Rac1 Rcd8 19. Qc2 Qd6 20. Nd2 Nd4 21. Bxd4 exd4 22. Ne4 Qe7 23. Qb2 Be5 24. a3 f5 25. Nd2 f4 26. Ne4 fxg3 27. hxg3 a5 28. b4 axb4 29. axb4 cxb4 30. Rc4 b3 31. Rcc1 Be6 32. Nd2 Qf7 33. Rf1 Rc8 34. Nc4 Rxc4 35. dxc4 Bxc4 36. e3 Bxf1 37. Rxf1 Rd8 38. f4 Bf6 39. e4 d3 40. e5 Be7 41. Rd1 Bc5+ 42. Kf1 Qc4 43. Rc1 Qb5 0-1

[Event "Jonava Banaitis Memorial"]
[Site "Jonava"]
[Date "2020.01.19"]
[Round "1.7"]
[White "Narmontas, Tauras"]
[Black "Labanauskas, Dovydas"]
[Result "1-0"]
[WhiteElo "2247"]
[BlackElo "1687"]
[PlyCount "43"]
[EventDate "2020.01.19"]
[EventType "swiss (rapid)"]
[EventRounds "9"]
[EventCountry "LTU"]
[SourceTitle "EXT 2023"]
[Source "ChessBase"]
[SourceDate "2022.10.05"]
[SourceVersion "1"]
[SourceVersionDate "2022.10.05"]
[SourceQuality "1"]

1. c4 Nf6 2. Nc3 c6 3. e4 Qc7 4. d4 e6 5. e5 Ng8 6. Bd3 d5 7. Nf3 Bb4 8. 0-0 Ne7 9. Ne2 Ng6 10. h4 Be7 11. h5 Nh4 12. Nf4 g6 13. Bd2 Nxf3+ 14. Qxf3 Nd7 15. Rac1 dxc4 16. Bxc4 Nb6 17. Bd3 Bd7 18. Nh3 Nd5 19. Ng5 f6 20. hxg6 hxg6 21. Bxg6+ Kd8 22. Nf7+ 1-0

[Event "Jonava Banaitis Memorial"]
[Site "Jonava"]
[Date "2020.01.19"]
[Round "7.7"]
[White "Narmontas, Tauras"]
[Black "Paulauskas, Andrius"]
[Result "0-1"]
[WhiteElo "2247"]
[BlackElo "2085"]
[PlyCount "100"]
[EventDate "2020.01.19"]
[EventType "swiss (rapid)"]
[EventRounds "9"]
[EventCountry "LTU"]
[SourceTitle "EXT 2023"]
[Source "ChessBase"]
[SourceDate "2022.10.05"]
[SourceVersion "1"]
[SourceVersionDate "2022.10.05"]
[SourceQuality "1"]

1. e4 e6 2. d4 d5 3. Nc3 dxe4 4. Nxe4 Nd7 5. Nf3 Ngf6 6. Ng3 c5 7. Be2 b6 8. Bg5 Be7 9. dxc5 Nxc5 10. Qxd8+ Bxd8 11. Ne5 0-0 12. Bf3 Bb7 13. Bxb7 Nxb7 14. Nc6 Rc8 15. Nxd8 Rfxd8 16. c3 Rd5 17. Bxf6 gxf6 18. Ke2 Re5+ 19. Kf3 Nc5 20. a4 Nd3 21. Ra2 Rc4 22. Ne2 Rf5+ 23. Ke3 Nxf2 24. Re1 Re4+ 25. Kd2 Rfe5 26. h3 Rd5+ 27. Nd4 Rxe1 28. Kxe1 Nd3+ 29. Kf1 f5 30. a5 bxa5 31. Nc6 Kg7 32. b3 Nc1 33. Rxa5 Rd1+ 34. Kf2 Rd2+ 35. Kf1 Nxb3 36. Rxa7 Kf6 37. Ke1 Rxg2 38. Nd8 Nd2 39. Rxf7+ Ke5 40. Re7 Nf3+ 41. Kf1 Rc2 42. Nxe6 Kf6 43. Re8 Kf7 44. Nc7 Rxc3 45. Rh8 Kg7 46. Rc8 Kh6 47. Ke2 Ng5 48. Kd2 Rc6 49. h4 Ne6 50. Rf8 Nxf8 0-1

[Event "LTU-chT"]
[Site "Lithuania"]
[Date "2019.04.28"]
[Round "7.2"]
[White "Narmontas, Tauras"]
[Black "Bucinskas, Valdas"]
[Result "0-1"]
[WhiteElo "2244"]
[BlackElo "2297"]
[PlyCount "102"]
[EventDate "2019.01.26"]
[EventType "team-swiss"]
[EventRounds "7"]
[EventCountry "LTU"]
[SourceTitle "CBM 190 Extra"]
[Source "ChessBase"]
[SourceDate "2019.07.15"]
[SourceVersion "1"]
[SourceVersionDate "2019.07.15"]
[SourceQuality "1"]
[WhiteTeam "Siauliai SISZK"]
[BlackTeam "Vilnius Chess United"]
[WhiteTeamCountry "LTU"]
[BlackTeamCountry "LTU"]

1. e4 c5 2. Nf3 d6 3. d4 cxd4 4. Nxd4 Nf6 5. Nc3 a6 6. Nb3 e5 7. Bg5 Be7 8. Qd3 Be6 9. Rd1 Nbd7 10. Bxf6 Nxf6 11. Be2 0-0 12. 0-0 Rc8 13. h3 Qc7 14. Rfe1 Rfd8 15. Bf3 g6 16. Nd2 Bf8 17. Nf1 Bh6 18. Ne3 Bxe3 19. Rxe3 Qb6 20. b3 Rc6 21. Be2 Qc7 22. Qd2 Rc8 23. Bc4 Bxc4 24. bxc4 Rxc4 25. Qxd6 Qxd6 26. Rxd6 Rxc3 27. Rxc3 Rxc3 28. Rxf6 Rxc2 29. Rb6 Rxa2 30. Rxb7 Kg7 31. g3 h5 32. h4 a5 33. Kg2 a4 34. Kf3 a3 35. Ra7 Ra1 36. Rb7 Kf6 37. Rb6+ Ke7 38. Rb7+ Kd6 39. Rxf7 Kc5 40. Rf6 Re1 41. Ra6 Kb4 42. Rb6+ Kc3 43. Rc6+ Kb2 44. Rb6+ Ka1 45. Rxg6 a2 46. Rb6 Rb1 47. Ra6 Rb3+ 48. Kg2 Kb2 49. Rxa2+ Kxa2 50. f4 Ka3 51. fxe5 Kb4 0-1

[Event "LTU-chT"]
[Site "Lithuania"]
[Date "2019.04.27"]
[Round "6.2"]
[White "Narmontas, Tauras"]
[Black "Juksta, Karolis"]
[Result "1-0"]
[WhiteElo "2244"]
[BlackElo "2285"]
[PlyCount "107"]
[EventDate "2019.01.26"]
[EventType "team-swiss"]
[EventRounds "7"]
[EventCountry "LTU"]
[SourceTitle "CBM 190 Extra"]
[Source "ChessBase"]
[SourceDate "2019.07.15"]
[SourceVersion "1"]
[SourceVersionDate "2019.07.15"]
[SourceQuality "1"]
[WhiteTeam "Siauliai SISZK"]
[BlackTeam "Kaunas Ezerelio"]
[WhiteTeamCountry "LTU"]
[BlackTeamCountry "LTU"]

1. b3 d5 2. Bb2 Bg4 3. h3 Bh5 4. g4 Bg6 5. Bg2 e6 6. c4 Nf6 7. Nc3 Nc6 8. cxd5 exd5 9. Rc1 h6 10. d3 Be7 11. Nf3 Qd7 12. a3 a6 13. Na4 0-0 14. Qd2 Rad8 15. 0-0 Qe6 16. b4 Nd7 17. Rc2 Bh7 18. Rfc1 f6 19. Rxc6 bxc6 20. Nd4 Qf7 21. Rxc6 Bd6 22. Nc3 Nb6 23. f4 Kh8 24. f5 Rfe8 25. Kf1 Bg8 26. e3 Qe7 27. Kf2 Be5 28. Nce2 Rd6 29. Rc2 Qd7 30. Qc1 Rc8 31. Ba1 Na4 32. Nf4 Bf7 33. h4 c6 34. Bh3 Qb7 35. g5 Qb6 36. Nfe6 Bxe6 37. fxe6 Qc7 38. gxh6 gxh6 39. Ne2 Qg7 40. d4 Rf8 41. Rxc6 Rxc6 42. Qxc6 Bb8 43. Qxa4 f5 44. Qd7 Qg6 45. Qxd5 Qh5 46. Qf3 Qxh4+ 47. Kf1 Qf6 48. Bc3 Kh7 49. d5 Be5 50. Bd4 Bxd4 51. exd4 Kh8 52. Qe3 f4 53. Qe5 Kg7 54. d6 1-0

[Event "LTU-ch sf"]
[Site "Vilnius"]
[Date "2012.02.23"]
[Round "6"]
[White "Narmontas, Tauras"]
[Black "Eigminas, Kipras"]
[Result "1-0"]
[WhiteElo "2275"]
[BlackElo "1541"]
[PlyCount "65"]
[EventDate "2012.02.19"]
[EventType "swiss"]
[EventRounds "8"]
[EventCountry "LTU"]
[SourceTitle "CBM 147 Extra"]
[Source "ChessBase"]
[SourceDate "2012.04.24"]
[SourceVersion "1"]
[SourceVersionDate "2012.04.24"]
[SourceQuality "1"]

1. e4 c5 2. Nf3 e6 3. d4 cxd4 4. Nxd4 Nf6 5. Nc3 Nc6 6. Nb3 Bb4 7. Bd3 d5 8. exd5 Nxd5 9. Bd2 Nxc3 10. bxc3 Bd6 11. 0-0 0-0 12. Re1 Re8 13. f4 Qf6 14. Nd4 Bc5 15. Bxh7+ Kf8 16. Qh5 b6 17. Be4 Bxd4+ 18. cxd4 Qxd4+ 19. Be3 Qc3 20. Bc5+ Qxc5+ 21. Qxc5+ bxc5 22. Bxc6 Rb8 23. Bxe8 Kxe8 24. Rab1 Rxb1 25. Rxb1 Kd7 26. Kf2 Kd6 27. Ke3 Ba6 28. h4 f5 29. Rb8 Bc4 30. Rb7 Bxa2 31. Rxa7 Bd5 32. Rxg7 e5 33. h5 1-0

[Event "LTU-ch sf"]
[Site "Vilnius"]
[Date "2012.02.22"]
[Round "5"]
[White "Klimciauskas, Domantas"]
[Black "Narmontas, Tauras"]
[Result "1-0"]
[WhiteElo "2215"]
[BlackElo "2275"]
[PlyCount "49"]
[EventDate "2012.02.19"]
[EventType "swiss"]
[EventRounds "8"]
[EventCountry "LTU"]
[SourceTitle "CBM 147 Extra"]
[Source "ChessBase"]
[SourceDate "2012.04.24"]
[SourceVersion "1"]
[SourceVersionDate "2012.04.24"]
[SourceQuality "1"]

1. e4 c5 2. Nf3 e6 3. g3 Nc6 4. Bg2 Nf6 5. Nc3 a6 6. d4 cxd4 7. Nxd4 Qc7 8. 0-0 Be7 9. Be3 Na5 10. f4 Nc4 11. Bf2 Nxb2 12. Qf3 d6 13. e5 dxe5 14. Nc6 e4 15. Nxe4 Nxe4 16. Qxe4 Bf6 17. Ne5 0-0 18. Qb4 Bxe5 19. fxe5 Qxc2 20. Be4 Qc4 21. Bxh7+ Kxh7 22. Qxf8 Bd7 23. Qxa8 Nd3 24. Qd8 Qd5 25. Rad1 1-0

[Event "LTU-ch sf"]
[Site "Vilnius"]
[Date "2012.02.20"]
[Round "3"]
[White "Labeckas, Kestutis"]
[Black "Narmontas, Tauras"]
[Result "1-0"]
[WhiteElo "2407"]
[BlackElo "2275"]
[PlyCount "77"]
[EventDate "2012.02.19"]
[EventType "swiss"]
[EventRounds "8"]
[EventCountry "LTU"]
[SourceTitle "CBM 147 Extra"]
[Source "ChessBase"]
[SourceDate "2012.04.24"]
[SourceVersion "1"]
[SourceVersionDate "2012.04.24"]
[SourceQuality "1"]

1. d4 Nf6 2. Nf3 e6 3. Bg5 c5 4. e3 Nc6 5. c3 d5 6. Bd3 Bd6 7. 0-0 0-0 8. Bc2 b6 9. Re1 Bb7 10. Nbd2 h6 11. Bh4 Re8 12. e4 Be7 13. e5 Nd7 14. Bxe7 Qxe7 15. a3 a5 16. Nf1 b5 17. Qd3 g6 18. h4 b4 19. h5 Ba6 20. Qd2 Kg7 21. Ne3 Rh8 22. g3 Qf8 23. Nh4 bxc3 24. bxc3 Ne7 25. f4 Nf5 26. Nhxf5+ exf5 27. g4 fxg4 28. f5 gxf5 29. Nxf5+ Kg8 30. Qf4 Rh7 31. Kh1 cxd4 32. cxd4 Rc8 33. Qxg4+ Kh8 34. Bb1 Rc3 35. Rg1 Bc8 36. Ra2 Qd8 37. Qf4 Nf8 38. Nd6 Ne6 39. Nxf7+ 1-0

[Event "LTU-chT 4th 0809"]
[Site "Lithuania"]
[Date "2008.12.07"]
[Round "3.22"]
[White "Narmontas, Tauras"]
[Black "Labeckas, Kestutis"]
[Result "1/2-1/2"]
[WhiteElo "2279"]
[BlackElo "2345"]
[PlyCount "59"]
[EventDate "2008.11.08"]
[EventType "team"]
[EventRounds "9"]
[EventCountry "LTU"]
[SourceTitle "EXT 2024"]
[Source "ChessBase"]
[SourceDate "2023.10.10"]
[SourceVersion "1"]
[SourceVersionDate "2023.10.10"]
[SourceQuality "1"]

1. e4 d5 2. exd5 Qxd5 3. d4 Nf6 4. Nc3 Qd6 5. Nf3 a6 6. Bc4 b5 7. Bb3 e6 8. 0-0 Bb7 9. Re1 Be7 10. d5 Nxd5 11. Nxd5 Bxd5 12. Bxd5 Qxd5 13. Qxd5 exd5 14. Bg5 f6 15. Bf4 Nc6 16. Rad1 Rd8 17. Rd3 Kf7 18. Rc3 Bd6 19. Rxc6 Bxf4 20. g3 Bd6 21. Rd1 Ke6 22. Rxa6 Ra8 23. Nd4+ Kd7 24. Rxa8 Rxa8 25. Nxb5 Rxa2 26. Rxd5 Rxb2 27. c4 Rc2 28. Nxd6 cxd6 29. Rd4 Ke6 30. Kg2 1/2-1/2

[Event "Panevezys op-A"]
[Site "Panevezys"]
[Date "2008.08.18"]
[Round "9"]
[White "Narmontas, Tauras"]
[Black "Labuckas, Aidas"]
[Result "1-0"]
[WhiteElo "2256"]
[BlackElo "2288"]
[PlyCount "111"]
[EventDate "2008.08.12"]
[EventType "swiss"]
[EventRounds "9"]
[EventCountry "LTU"]
[SourceTitle "CBM 125 Extra"]
[Source "ChessBase"]
[SourceDate "2008.09.01"]
[SourceVersion "1"]
[SourceVersionDate "2008.09.01"]
[SourceQuality "1"]

1. e4 c5 2. Nf3 e6 3. d4 cxd4 4. Nxd4 a6 5. Bd3 Nf6 6. 0-0 Qc7 7. Qe2 d6 8. c4 g6 9. Nc3 Bg7 10. Nf3 Nbd7 11. Rd1 0-0 12. h3 b6 13. Bf4 Ne5 14. Nxe5 dxe5 15. Be3 Bb7 16. Rac1 Rfc8 17. b4 Bf8 18. a3 a5 19. Nb5 Qc6 20. c5 bxc5 21. Bxc5 Bxc5 22. bxc5 Ba6 23. Nd6 Bxd3 24. Rxd3 Rf8 25. Rb3 Rab8 26. Rb5 a4 27. Qb2 Nd7 28. Rc4 Rxb5 29. Qxb5 Rc8 30. Qxc6 Rxc6 31. Nb7 Rc7 32. c6 Nb8 33. Na5 Kf8 34. Rxa4 Ke7 35. Rc4 Kd6 36. Kf1 f5 37. Ke2 g5 38. Rb4 Nxc6 39. Rb6 Kc5 40. Rxc6+ Rxc6 41. Nxc6 Kxc6 42. Kd3 Kb5 43. Kc3 h5 44. f3 h4 45. Kb3 Kc5 46. a4 fxe4 47. fxe4 Kd4 48. a5 Kxe4 49. a6 Kd3 50. a7 e4 51. a8Q e3 52. Qd8+ Ke2 53. Kc2 Kf1 54. Kd3 e2 55. Qf6+ Kxg2 56. Kxe2 1-0

[Event "Panevezys op-A"]
[Site "Panevezys"]
[Date "2008.08.15"]
[Round "5"]
[White "Narmontas, Tauras"]
[Black "Kveinys, Aloyzas"]
[Result "0-1"]
[WhiteElo "2256"]
[BlackElo "2527"]
[PlyCount "104"]
[EventDate "2008.08.12"]
[EventType "swiss"]
[EventRounds "9"]
[EventCountry "LTU"]
[SourceTitle "CBM 125 Extra"]
[Source "ChessBase"]
[SourceDate "2008.09.01"]
[SourceVersion "1"]
[SourceVersionDate "2008.09.01"]
[SourceQuality "1"]

1. e4 c5 2. Nf3 e6 3. d4 cxd4 4. Nxd4 a6 5. Bd3 Nf6 6. 0-0 Qc7 7. Qe2 d6 8. c4 g6 9. Nc3 Bg7 10. h3 0-0 11. Be3 Nbd7 12. Nf3 b6 13. Rac1 Bb7 14. b4 Nh5 15. Rfd1 Rac8 16. g4 Nhf6 17. a3 h5 18. g5 Nh7 19. Na4 f6 20. c5 dxc5 21. Bc4 Rce8 22. Nd4 Kh8 23. Nxe6 Rxe6 24. Bxe6 Ne5 25. Bf4 Nxg5 26. Bxg5 fxg5 27. Rc3 Bc6 28. Nb2 Bb5 29. Nc4 Qe7 30. Bd5 cxb4 31. Re3 bxa3 32. Nxe5 Bxe2 33. Nxg6+ Kh7 34. Nxf8+ Qxf8 35. Rxe2 Qf3 36. Rde1 Be5 37. Re3 Qf8 38. Kg2 b5 39. Rf3 Qc5 40. Rf5 Bd4 41. Rxg5 Qc2 42. Rxh5+ Kg6 43. Rf5 a2 44. Bxa2 Qxa2 45. Rd1 Qc4 46. Rd5 Bf6 47. Kf3 b4 48. Rg1+ Kf7 49. Rf5 Ke7 50. e5 Qd3+ 51. Kf4 Qd4+ 52. Kf3 Bh4 0-1

[Event "Panevezys op-A"]
[Site "Panevezys"]
[Date "2008.08.14"]
[Round "4"]
[White "Malisauskas, Vidmantas"]
[Black "Narmontas, Tauras"]
[Result "1/2-1/2"]
[WhiteElo "2476"]
[BlackElo "2256"]
[PlyCount "86"]
[EventDate "2008.08.12"]
[EventType "swiss"]
[EventRounds "9"]
[EventCountry "LTU"]
[SourceTitle "CBM 125 Extra"]
[Source "ChessBase"]
[SourceDate "2008.09.01"]
[SourceVersion "1"]
[SourceVersionDate "2008.09.01"]
[SourceQuality "1"]

1. c4 Nf6 2. Nc3 e5 3. Nf3 Nc6 4. e3 Bb4 5. Nd5 0-0 6. Nxb4 Nxb4 7. Nxe5 Re8 8. Nf3 d5 9. a3 Nc6 10. d4 Bg4 11. c5 Ne4 12. Be2 Qf6 13. 0-0 g5 14. Ne1 Bxe2 15. Qxe2 Qg6 16. Qc2 g4 17. Qb3 Qh5 18. Nd3 Na5 19. Qd1 Qh4 20. Nf4 c6 21. Rb1 b6 22. cxb6 axb6 23. Bd2 Nc4 24. Be1 Qg5 25. a4 Rac8 26. b3 Ncd6 27. Rc1 Nf5 28. b4 Nfd6 29. h3 f5 30. b5 Nc4 31. g3 gxh3 32. Nxh3 Qh6 33. Nf4 Nf6 34. Qf3 cxb5 35. axb5 Ne5 36. dxe5 Ng4 37. Qxd5+ Kh8 38. Kg2 Qh2+ 39. Kf3 Rxc1 40. Ke2 Rxe5 41. Qd8+ Kg7 42. Qd7+ Kg8 43. Qd8+ Kf7 1/2-1/2

[Event "Kaunas Taure"]
[Site "Kaunas"]
[Date "2008.08.01"]
[Round "9.6"]
[White "Narmontas, Tauras"]
[Black "Klimciauskas, Domantas"]
[Result "1-0"]
[WhiteElo "2256"]
[BlackElo "2222"]
[PlyCount "99"]
[EventDate "2008.07.24"]
[EventType "swiss"]
[EventRounds "9"]
[EventCountry "LTU"]
[SourceTitle "EXT 2024"]
[Source "ChessBase"]
[SourceDate "2023.10.10"]
[SourceVersion "1"]
[SourceVersionDate "2023.10.10"]
[SourceQuality "1"]

1. e4 c6 2. d4 d5 3. Nc3 dxe4 4. Nxe4 Bf5 5. Ng3 Bg6 6. Nf3 Nd7 7. h4 h6 8. Bd3 Bxd3 9. Qxd3 e6 10. Bf4 Qa5+ 11. Bd2 Bb4 12. c3 Be7 13. 0-0 Ngf6 14. Rfe1 0-0-0 15. c4 Qc7 16. b4 Bd6 17. Ne4 Bf4 18. Bxf4 Qxf4 19. Nxf6 gxf6 20. b5 cxb5 21. c5 Kb8 22. Qxb5 Rhg8 23. Re3 a6 24. Qb2 Qc7 25. Rb1 Ka8 26. Rb3 Rb8 27. Nd2 e5 28. Nc4 exd4 29. Nb6+ Nxb6 30. Rxb6 Rg4 31. Qa3 d3 32. Qxd3 Rbg8 33. Rxa6+ Kb8 34. Rxb7+ Qxb7 35. Qd6+ Qc7 36. Rb6+ Kc8 37. Rc6 Rxg2+ 38. Kf1 Rg1+ 39. Ke2 Re8+ 40. Kf3 Re7 41. Rxc7+ Rxc7 42. c6 Rg8 43. Qxf6 h5 44. Ke4 Kb8 45. Kd5 Rgc8 46. Kc5 Ka7 47. Qf3 Ka8 48. Kb6 f5 49. Qa3+ Kb8 50. Qg3 1-0

[Event "Kaunas Taure"]
[Site "Kaunas"]
[Date "2008.07.24"]
[Round "1.6"]
[White "Narmontas, Tauras"]
[Black "Tvarijonas, Tomas"]
[Result "0-1"]
[WhiteElo "2256"]
[BlackElo "1843"]
[PlyCount "75"]
[EventDate "2008.07.24"]
[EventType "swiss"]
[EventRounds "9"]
[EventCountry "LTU"]
[SourceTitle "EXT 2024"]
[Source "ChessBase"]
[SourceDate "2023.10.10"]
[SourceVersion "1"]
[SourceVersionDate "2023.10.10"]
[SourceQuality "1"]

1. e4 c5 2. Nf3 Nc6 3. d4 cxd4 4. Nxd4 e5 5. Nb5 d6 6. c4 a6 7. N5c3 Be6 8. Be3 Nf6 9. Be2 Be7 10. 0-0 0-0 11. Nd2 Rc8 12. Rc1 h6 13. Nd5 Nd7 14. Qb3 Bxd5 15. cxd5 Nd4 16. Bxd4 exd4 17. Qxb7 Nc5 18. Qb4 d3 19. Bg4 Rb8 20. Qa3 Qb6 21. Nc4 Qb5 22. b3 Nxe4 23. Rce1 Qxd5 24. Ne3 Qc5 25. b4 Qc3 26. Qxa6 d2 27. Rb1 Bg5 28. Bf3 Bxe3 29. Bxe4 Rfe8 30. Bf3 Bb6 31. Rb3 Qc1 32. Be2 Qe1 33. Bf3 Bxf2+ 34. Kh1 Rb6 35. Qd3 Re3 36. Qc4 d5 37. Qc8+ Re8 38. Qxe8+ 0-1

[Event "Baltija Cup op 5th"]
[Site "Palanga"]
[Date "2008.06.18"]
[Round "5"]
[White "Narmontas, Tauras"]
[Black "Lomonosovas, Vitalijus"]
[Result "1-0"]
[WhiteElo "2256"]
[BlackElo "2121"]
[PlyCount "69"]
[EventDate "2008.06.16"]
[EventType "swiss"]
[EventRounds "8"]
[EventCountry "LTU"]
[SourceTitle "EXT 2022"]
[Source "ChessBase"]
[SourceDate "2021.10.06"]
[SourceVersion "1"]
[SourceVersionDate "2021.10.06"]
[SourceQuality "1"]

1. e4 Nc6 2. d4 e5 3. d5 Nce7 4. Nc3 d6 5. g3 g6 6. Be3 Bg7 7. Qd2 f5 8. 0-0-0 Nf6 9. f3 fxe4 10. fxe4 Ng4 11. Nf3 Nxe3 12. Qxe3 Bg4 13. Bb5+ c6 14. dxc6 bxc6 15. Bc4 Qb6 16. Qd3 0-0-0 17. h3 Bxf3 18. Qxf3 Rhf8 19. Qg4+ Kb8 20. Rd3 Nc8 21. Be6 Qc7 22. Rhd1 Nb6 23. b4 Qe7 24. Bb3 Rf2 25. a4 Qf6 26. a5 Nc8 27. b5 h5 28. Qe6 Qxe6 29. Bxe6 cxb5 30. Nxb5 Bf8 31. Rb3 Ne7 32. Rdd3 a6 33. Nxd6+ Ka8 34. Rb6 Rf1+ 35. Kd2 1-0

[Event "Baltija Cup op 5th"]
[Site "Palanga"]
[Date "2008.06.18"]
[Round "4"]
[White "Narmontas, Tauras"]
[Black "Simanaitis, Vytautas"]
[Result "1-0"]
[WhiteElo "2256"]
[BlackElo "1920"]
[PlyCount "93"]
[EventDate "2008.06.16"]
[EventType "swiss"]
[EventRounds "8"]
[EventCountry "LTU"]
[SourceTitle "EXT 2022"]
[Source "ChessBase"]
[SourceDate "2021.10.06"]
[SourceVersion "1"]
[SourceVersionDate "2021.10.06"]
[SourceQuality "1"]

1. e4 e5 2. Nf3 Nc6 3. Bb5 a6 4. Ba4 Nf6 5. 0-0 Be7 6. Re1 b5 7. Bb3 0-0 8. h3 d6 9. c3 Na5 10. Bc2 c5 11. a3 Qc7 12. b4 Nc6 13. Qe2 cxb4 14. axb4 Nxb4 15. Bb3 Nc6 16. d3 Nd8 17. Bb2 Ne6 18. Qe3 Nc5 19. Bc2 Bb7 20. Nbd2 Rfe8 21. d4 Ncd7 22. Bb3 Bf8 23. Ng5 d5 24. exd5 Bxd5 25. Nxh7 Bxb3 26. Nxf8 Bd5 27. Nxd7 Nxd7 28. c4 bxc4 29. dxe5 Bxg2 30. Kxg2 Qb7+ 31. Qe4 Qxb2 32. Nxc4 Qb4 33. Rab1 Qe7 34. Nd6 Reb8 35. Rbc1 Qg5+ 36. Kh1 Qh5 37. Rc3 a5 38. Rg3 Nf8 39. Nf5 Ne6 40. Nxg7 Nxg7 41. Qg2 a4 42. Rxg7+ Kf8 43. e6 fxe6 44. Rxe6 Qf5 45. Re3 Qf6 46. Rg8+ Kf7 47. Qd5+ 1-0

[Event "LTU-ch U18"]
[Site "Panevezys"]
[Date "2008.03.10"]
[Round "6"]
[White "Narmontas, Matas"]
[Black "Narmontas, Tauras"]
[Result "1-0"]
[WhiteElo "2367"]
[BlackElo "2230"]
[PlyCount "67"]
[EventDate "2008.03.06"]
[EventType "swiss"]
[EventRounds "6"]
[EventCountry "LTU"]
[SourceTitle "EXT 2022"]
[Source "ChessBase"]
[SourceDate "2021.10.06"]
[SourceVersion "1"]
[SourceVersionDate "2021.10.06"]
[SourceQuality "1"]

1. e4 c5 2. Nf3 e6 3. d4 cxd4 4. Nxd4 a6 5. c4 Nf6 6. Nc3 Bb4 7. Qd3 Qc7 8. Be2 0-0 9. 0-0 Nc6 10. Bg5 Bxc3 11. bxc3 Ne5 12. Qe3 Neg4 13. Qh3 h6 14. Bh4 Qf4 15. Bg3 Qxe4 16. Bd6 e5 17. Bd3 Qf4 18. g3 Qd2 19. Rad1 Nxf2 20. Qg2 Nh3+ 21. Qxh3 Qe3+ 22. Kh1 exd4 23. Rxf6 b5 24. Qg2 gxf6 25. Qxa8 Re8 26. cxd4 Kg7 27. Qd5 bxc4 28. Bxc4 Re6 29. Bf4 Qc3 30. Rc1 Qb4 31. Qh5 Bb7+ 32. d5 Re1+ 33. Kg2 Rxc1 34. Bxh6+ 1-0

[Event "LTU-ch U18"]
[Site "Panevezys"]
[Date "2008.03.09"]
[Round "5"]
[White "Garnelis, Julius"]
[Black "Narmontas, Tauras"]
[Result "1-0"]
[WhiteElo "2141"]
[BlackElo "2230"]
[PlyCount "83"]
[EventDate "2008.03.06"]
[EventType "swiss"]
[EventRounds "6"]
[EventCountry "LTU"]
[SourceTitle "EXT 2022"]
[Source "ChessBase"]
[SourceDate "2021.10.06"]
[SourceVersion "1"]
[SourceVersionDate "2021.10.06"]
[SourceQuality "1"]

1. Nf3 Nf6 2. g3 c5 3. Bg2 Nc6 4. 0-0 g6 5. c3 e5 6. d4 e4 7. Ne5 d5 8. f3 exf3 9. exf3 Be6 10. Re1 Be7 11. Kh1 Qb6 12. dxc5 Bxc5 13. Nd3 0-0 14. Nxc5 Qxc5 15. Bg5 Nd7 16. Nd2 Rfe8 17. Nb3 Qb6 18. Be3 Qd8 19. Nd4 Nde5 20. Nxc6 bxc6 21. Bd4 Nc4 22. Qc1 Nd6 23. g4 Nb5 24. Bc5 Bd7 25. Qh6 f6 26. Qf4 Be6 27. Bf1 Rb8 28. a4 Nc7 29. b4 Rb7 30. Bd4 Rf8 31. a5 g5 32. Qg3 Qc8 33. a6 Rb8 34. Bxa7 Ra8 35. Bc5 Rf7 36. Qd6 f5 37. Bb6 fxg4 38. Bxc7 Bf5 39. Re7 gxf3 40. Rxf7 Kxf7 41. Kg1 Be4 42. Bb6 1-0

[Event "LTU-ch sf"]
[Site "Vilnius"]
[Date "2008.02.21"]
[Round "9"]
[White "Narmontas, Tauras"]
[Black "Vaitonis, Vytautas"]
[Result "1-0"]
[WhiteElo "2230"]
[BlackElo "2093"]
[PlyCount "85"]
[EventDate "2008.02.15"]
[EventType "swiss"]
[EventRounds "9"]
[EventCountry "LTU"]
[SourceTitle "CBM 123 Extra"]
[Source "ChessBase"]
[SourceDate "2008.05.06"]
[SourceVersion "1"]
[SourceVersionDate "2008.05.06"]
[SourceQuality "1"]

1. e4 c5 2. Nf3 e6 3. d4 cxd4 4. Nxd4 a6 5. Nc3 Qc7 6. Bd3 Nf6 7. 0-0 d6 8. Kh1 Be7 9. f4 Nbd7 10. a4 b6 11. g4 Nc5 12. g5 Nfd7 13. Nce2 Bb7 14. Ng3 g6 15. b4 Nxd3 16. cxd3 e5 17. Nf3 exf4 18. Bxf4 0-0 19. Rc1 Qd8 20. Qd2 Ne5 21. Nxe5 dxe5 22. Bxe5 Bxg5 23. Bf4 Bxf4 24. Rxf4 Rc8 25. Rg1 f5 26. Rgf1 Rc7 27. Kg1 Qd4+ 28. R1f2 Qa1+ 29. Nf1 Rg7 30. Qe3 b5 31. axb5 axb5 32. Qc5 Bc8 33. d4 Bd7 34. e5 g5 35. R4f3 g4 36. Re3 f4 37. e6 g3 38. hxg3 Be8 39. e7 Rf6 40. Qc8 Kf7 41. Rd3 fxg3 42. Rxf6+ Kxf6 43. Qxe8 1-0

[Event "LTU-ch sf"]
[Site "Vilnius"]
[Date "2008.02.16"]
[Round "2"]
[White "Sakalauskas, Vaidas"]
[Black "Narmontas, Tauras"]
[Result "1-0"]
[WhiteElo "2397"]
[BlackElo "2230"]
[PlyCount "83"]
[EventDate "2008.02.15"]
[EventType "swiss"]
[EventRounds "9"]
[EventCountry "LTU"]
[SourceTitle "CBM 123 Extra"]
[Source "ChessBase"]
[SourceDate "2008.05.06"]
[SourceVersion "1"]
[SourceVersionDate "2008.05.06"]
[SourceQuality "1"]

1. d4 Nf6 2. c4 e6 3. Nc3 Bb4 4. Qc2 d5 5. a3 Be7 6. Nf3 0-0 7. e4 dxe4 8. Nxe4 Nbd7 9. Bd3 b6 10. 0-0 Bb7 11. Rd1 Qc8 12. b4 Nxe4 13. Bxe4 Nf6 14. Bxb7 Qxb7 15. Bb2 a6 16. Rac1 c5 17. dxc5 bxc5 18. Ng5 h6 19. Bxf6 hxg5 20. Bc3 Rfc8 21. Qb3 Rab8 22. Be5 Ra8 23. b5 axb5 24. cxb5 c4 25. Rxc4 Rxa3 26. Rxc8+ Qxc8 27. Qb2 Qc4 28. b6 Rb3 29. Qa2 Qb4 30. Bd4 Rd3 31. Qa8+ Bf8 32. Qa1 Rb3 33. h3 f6 34. Qa2 Bd6 35. Be3 Kf7 36. Qa7+ Kg6 37. Qa2 Kf7 38. Qe2 g6 39. Qc2 Ke7 40. Qxg6 e5 41. Qg7+ Ke6 42. Bc5 1-0